000 00301nam a22001217a 4500
008 181121b xxu||||| |||| 00| 0 eng d
041 _aeng
080 _28 TH
_a541
100 _a12
101 _aKIM
245 _aSolutions Manual Quantitative Chemical Analysis
_cHrris.D.C
942 _2udc
_cBK
999 _c52251
_d52251